| 000 | 00712nam a22002177a 4500 | ||
|---|---|---|---|
| 003 | OSt | ||
| 005 | 20250718103736.0 | ||
| 008 | 250718b |||||||| |||| 00| 0 eng d | ||
| 020 | _a978-621-416-140-9 | ||
| 040 |
_aDWC-Main Lib _cOC |
||
| 082 | _aFil. 657.044 V173i 2024 | ||
| 100 | _aValix, Conrado T. | ||
| 245 |
_aIntermediate accounting volume two/ _cConrado T. Valix [and two others] |
||
| 250 | _a2024 revised edition | ||
| 260 |
_aManila, Philippines : _bGIC enterprises, _cc2024. |
||
| 300 |
_avolume 2 , 782 pages : _billustrations ; _c22cm. |
||
| 650 | _a1. Accounting. | ||
| 700 | _aValix, Christian Aris M. | ||
| 700 | _aPeralta, Jose F. | ||
| 942 |
_2ddc _cBK - FIL _e2024 revised edition _kFil. _n0 |
||
| 999 |
_c3750 _d3750 |
||